00615nam a2200193Ia 4500008004100000020001900041082001600060100002200076245003800098250000800136260004600144300002400190500001900214600001500233650001500248942000700263952013400270999001700404240925s9999 xx 000 0 und d a97800199406104 a658.421 PIC aPichler, Hanns J. 0aNew Frontiers of Entrepreneurship a1st aKarachi:bOxford University Pressc,2017. a210p.bNAfOriginal aIncludes Index aManagement aManagement cBK 001040708MANaUITUbUITUd2019-01-21eAllied Book Companyg785.00l0o658.421 PICpQ13851r2024-09-25 07:17:00w2024-09-25yBK c16350d16350